000 00505nam a2200193 a 4500
001 1770891107328
003 YourLibrary
005 20260212154604.0
008 260212s2009##################000#0#eng##
020 _a9788172335779
082 0 4 _a330
_bMUS
100 1 _aMushin, Jerry,
_eauthor.
245 1 0 _aThinking about Interest Rates, Prices and the Economy :
260 _c2009.
300 _a94 pages
650 0 _aMacroeconomics.
942 _cENGLISH
040 _aYourLibrary
_beng
_cYourLibrary
999 _c612077
_d612077